000
00271nam a2200133Ia 4500
100
_a
Venkateswarlu/N.B
650
_a
unix
942
_c
BK
245
_a
Advanced UNIX Programming
260
_b
BS Publication
_c
2005
300
_a
361
546
_a
ENGLISH
999
_c
20111
_d
20111